|
|
|
|
| LEADER |
01219nam a22003137a 4500 |
| 001 |
34456 |
| 003 |
BD-DhAAL |
| 005 |
20190331131647.0 |
| 008 |
190331t2018 nyu ob 001 0 eng d |
| 999 |
|
|
|c 40593
|d 40593
|
| 020 |
|
|
|a 9781138502222 (hbk)
|
| 020 |
|
|
|a 9781315144825 (ebook)
|
| 040 |
|
|
|a BD-DhAAL
|
| 082 |
|
|
|a 809.93358
|2 23
|
| 100 |
|
|
|a Koegler, Caroline
|9 30882
|
| 245 |
|
|
|a Critical branding :
|b postcolonial studies and the market /
|c Caroline Koegler
|
| 260 |
|
|
|a New York, NY ;
|a Abingdon, Oxon :
|b Routledge,
|c c2018
|
| 300 |
|
|
|a 228 pages :
|b illustrations ;
|c 24 cm
|
| 490 |
|
|
|a Routledge research in postcolonial literatures ;
|v 60
|
| 504 |
|
|
|a Includes bibliographical references and index.
|
| 526 |
|
|
|a ENH
|
| 541 |
|
|
|a Parama
|e 34456
|
| 650 |
|
|
|a Postcolonialism in literature
|9 30883
|
| 650 |
|
|
|a Postcolonialism
|9 30884
|
| 650 |
|
|
|a Branding (Marketing)
|9 30885
|
| 830 |
|
|
|a Routledge research in postcolonial literatures
|9 30886
|
| 852 |
|
|
|a Ayesha Abed Library
|c General Stacks
|
| 942 |
|
|
|2 ddc
|c BK
|
| 952 |
|
|
|0 0
|1 0
|2 ddc
|4 0
|6 809_933580000000000_KOE
|7 0
|9 65214
|a BRACUL
|b BRACUL
|c GEN
|d 2019-02-26
|e Parama
|g 8165.00
|l 1
|o 809.93358 KOE
|p 3010034456
|r 2026-04-09
|s 2026-04-06
|t 1
|v 8165.00
|w 2019-02-26
|y BK
|